00293nam a2200133Ia 45000030006000000080041000060400015000471000023000622450026000852500010001112600009001215460012001300050017001420STCL150530s9999 xx 000 0 und d aSTCLcSTCL aMrs. Maxwell Scott aGabriel Carcia Moreno aThird c1914 aEnglish20220125171410.0